Liberia-visa - Statistics

Yleistilastot
  • Tätä visaa on pelattu 226 kertaa
  • Keskiarvotulos 9 / 17
Vastaustilastot
Vihje Vastaus % Oikein
Virallinen kieli Englanti
96%
Naapurimaat Sierra Leone
92%
Naapurimaat Guinea
91%
Naapurimaat Norsunluurannikko
89%
Valuutta Dollari
82%
Valtio, josta Liberia julistautui itsenäiseksi vuonna 1847 Yhdysvallat
80%
Pääkaupunki Monrovia
74%
Nimi, jolla eurooppalaiset kutsuivat aluetta paikallisen mausteen mukaan {Pippuri}rannikko
54%
Tärkein viljelykasvi Riisi
54%
11 % Liberian viennistä kattava puista saatava tuote Kumi
53%
Fifan vuoden pelaajaksi 1995 valitsema jalkapalloilija ja Liberian presidentti 2018 lähtien George Weah
37%
Julma Liberian ensimmäisessä sisällissodassa toiminut sotapäällikkö, joka oli presidenttinä 1997–2003 Charles Taylor
20%
Liberiaa vuosina 1980–1990 hallinnut diktaattori Samuel Doe
18%
Suurimmat etniset ryhmät Bassat
14%
Suurimmat etniset ryhmät Kpellet
14%
Liberian väkirikkain piirikunta ja piirikunta, jossa pääkaupunki sijaitsee Montserrado
14%
Liberian korkein kohta Mount Wuteve
14%
Ehtoja vastaavia visoja ei löytynyt
Tulosjakauma
Jokaisen tuloksen saaneiden osuus
Persentiili vastausten määrän mukaan
Tuloshistoriasi
Et ole pelannut tätä visaa